Obálka Náhled e-knihy:
PDF Epub
Pro půjčování e-knih musíte být přihlášeni.
Jak si půjčit online?

Crossfire. (2), Spoutaná /

Druhý díl erotické trilogie, v níž hlavní roli hraje krásná dívka a dekadentní miliardář.

Uloženo v:
Série:Crossfire, část 2
Hlavní autor: Day, Sylvia, 1973- (Autor)
Další autoři: Pacnerová, Jana, 1955- (Autor)
Médium: E-kniha
Jazyk:Czech
Vydáno: Praha : Baronet, 2024
Vydání:2. vydání (1. vydání v Baronetu)
Témata:
Příbuzné jednotky:Z cyklu:: Crossfire
Tagy:
Žádné tagy
LEADER 02580nam a2200469 i 4500
001 312302
003 CZ PrSKC
005 20260601215720.0
007 ta
008 240229s2024 xr e 000 f cze
015 |a cnb003591659 
020 |a 9788026922735  |q (vázáno) 
035 |a (OCoLC)1429251573 
040 |a ABG001  |b cze  |e rda 
041 1 |a cze  |h eng 
072 7 |a 821.111(73)-3  |x Americká próza  |2 Konspekt 
080 |a 821.111(73)-31  |2 MRF 
080 |a (0:82-993)  |2 MRF 
100 1 |a Day, Sylvia,  |d 1973-  |7 mzk2009534975  |4 aut 
240 1 0 |a Reflected in you.  |l Česky 
245 1 0 |a Crossfire.  |n (2),  |p Spoutaná /  |c Sylvia Day ; z anglického originálu Reflected in you ... přeložila Jana Pacnerová 
246 3 0 |a Spoutaná 
250 |a 2. vydání (1. vydání v Baronetu) 
264 1 |a Praha :  |b Baronet,  |c 2024 
300 |a 351 stran ;  |c 21 cm 
336 |a text  |b txt  |2 rdacontent 
337 |a bez média  |b n  |2 rdamedia 
338 |a svazek  |b nc  |2 rdacarrier 
520 2 |a Druhý díl erotické trilogie, v níž hlavní roli hraje krásná dívka a dekadentní miliardář.  |b Eva prožívá s Gideonem vášnivý vztah, ale jen do okamžiku, kdy se objeví jeho atraktivní ex-přítelkyně Corinne. Gideon se s ní objevuje na podezřelých místech v podezřelou dobu a když je navíc zvěční bulvární fotograf a zobrazí jejich objetí na titulní straně, Eva začíná zuřit. Její život však také oplývá nedořešenou minulostí: bývalý přítel, frontman oblíbené rockové skupiny, složí o svém poměru k ní baladu, z níž se stane hit, a chce navázat tam, kde přestali. Sex mezi Evou a Gideonem funguje kdekoliv a kdykoliv, ale dá se jen na něm postavit funkční partnerství? 
546 |a Český text 
655 7 |a americké romány  |7 fd131796  |2 czenas 
655 7 |a erotické romány  |7 fd132211  |2 czenas 
655 9 |a American fiction  |2 eczenas 
655 9 |a erotic novels  |2 eczenas 
700 1 |a Pacnerová, Jana,  |d 1955-  |7 jn20000810168  |4 trl 
787 0 8 |i Z cyklu:  |t Crossfire  |g 2 
900 |a ABA001  |b 21 
928 9 |a Albatros Media - Baronet 
044 |a xr 
910 |a RBIT002 
998 |d 399117  |a https://core.palmknihy.cz/api/books/399117/cover?sgwee5  |b https://core.palmknihy.cz/api/books/399117/cover/400?sgwee5  |c https://core.palmknihy.cz/api/books/399117/cover/50?sgwee5  |e 2030-08-08  |g 352  |i 9788026922735  |j https://core.palmknihy.cz/api/books/399117/preview.epub  |k https://core.palmknihy.cz/api/books/399117/preview.pdf  |l   |q 49  |r 1  |s https://www.palmknihy.cz/kniha/399117  |t ebook  |y 2024  |z 0  |v Crossfire  |w 2 
999 |d 312300